000 00280nam a2200121 a 4500
008 100920s1964|||| d
245 1 0 _aĽudia, roky, život 1
100 1 _aErenburg, Iľja
260 _bSVKL
_aBratislava
_c1964
020 _c34
044 _axo
_cSK
041 _aslo
999 _c10531
_d10531